| 000 | 01694nam a2200241Ia 4500 | ||
|---|---|---|---|
| 999 |
_c53266 _d53266 |
||
| 001 | 20307 | ||
| 003 | GE_BSU | ||
| 005 | 20200903152520.0 | ||
| 008 | 181216s1977||||ge |||||||||||||| ||geo|| | ||
| 040 | _cGE_BSU | ||
| 041 | _ageo | ||
| 080 | _a81(05) ძ-49 | ||
| 245 |
_aძველი ქართული ენის კათედრის შრომები 1977 : ტომი 20 / _cრედაქტორი: ივანე იმნაიშვილი |
||
| 264 |
_aთბილისი : _bთბილ. სახელმწ. უნ-ტის გამ-ბა, _c1977. |
||
| 300 |
_a259 გვ. ; _c26 სმ. |
||
| 500 | _aმიეძღვნა თბილისის სახელმწიფო უნივერსიტეტის ერთ-ერთ ფუძემდებელს, ძველი ქართული ენის კათედრის გამგეს პროფესორ აკაკი შანიძეს მისი დაბადების 90 წლისთავზე. თავფურცელი ქართ. და რუს. ენებზე. | ||
| 500 | _a თავფურცელი ქართულ და რუსულ ენებზე | ||
| 541 | _h6 ლ. | ||
| 653 | _aთბილისის სახელმწიფო უნივერსიტეტი ივანე ჯავახიშვილის სახელობის | ||
| 653 | _aძველი ქართული ენის კათედრის შრომები | ||
| 700 |
_aიმნაიშვილი, ივანე _eრედაქტორი _97657 |
||
| 942 |
_cBK _2udc |
||